00382nam a22001337a 4500020001600000082001000016100001300026245002400039260003800063300002600101650004200127700002200169856005700191 qHard Cover. a621.3 aZeb, Ali aCardivestcAli Zeb. aIslamabad :bSEECS - NUST,c2019. a56 p. : ill. ;c30cm. aElectrical Engineering-Project Report aDr. Hassan Aqeel. uhttp://10.250.8.41:8080/xmlui/handle/123456789/29592